| 000 | 00497nam a2200181Ia 4500 | ||
|---|---|---|---|
| 003 | GCL | ||
| 008 | 140319s9999 xx 000 0 eng d | ||
| 040 |
_aGCL / _cGCL |
||
| 082 | 0 | 4 |
_a612.015 _bW L |
| 100 | 1 | _aWHITBY, L. G. | |
| 245 | 1 | 0 |
_aLECTURE NOTES ON CLINICAL BIOCHEMISTRY / _cWHITBY, L. G. |
| 260 |
_a[S.N] : _bBLACKWELL SCIENTIFIC PUBLICATIONS ، _c1993 |
||
| 300 | _a438 P | ||
| 650 | 0 | 4 | _aBIOCHEMISTRY |
| 650 | 0 | 4 | _aCLINICAL BIOCHEMISTRY |
| 650 | 0 | 4 | _aHUMAN BIOLOGY |
| 942 |
_2ddc _cBK |
||
| 999 |
_c20832 _d20832 |
||